|
|
|
|
| LEADER |
01315nam a2200325 u 4500 |
| 001 |
10022315 |
| 003 |
upatras |
| 005 |
20210117205639.0 |
| 008 |
990601s1908 DD ger |
| 040 |
|
|
|a GR-PaULI
|c GR-PaULI
|
| 041 |
0 |
|
|a ger
|
| 082 |
0 |
4 |
|a 581
|
| 100 |
1 |
|
|a Engler, A.
|9 147489
|
| 245 |
1 |
0 |
|a Additamentum ad Araceas - Pothoideas
|b Araceae - Monsteroideae
|b Araceae - Calloideae
|c von A. Engler
|c von A. Engler und K. Krause
|c von K. Krause
|
| 246 |
1 |
3 |
|a Araceae - Monsteroideae
|
| 246 |
1 |
3 |
|a Araceae - Calloideae
|
| 260 |
|
|
|a Leipzig
|b Wilhelm Engelmann
|c 1908
|
| 300 |
|
|
|a 160 s.
|b fig.
|c 25 cm.
|
| 490 |
0 |
|
|a Das pflanzenreich : regni vegetabilis conspectus
|v IV.23 B
|
| 500 |
|
|
|a Mit 498 einzelbildern in 60 figuren und einer tafel
|
| 504 |
|
|
|a Register
|
| 650 |
|
4 |
|a Βοτανική
|9 463
|
| 650 |
|
4 |
|a Βοτανική
|x Συλλογικά έργα
|9 147411
|
| 700 |
1 |
|
|a Krause, K.
|9 147497
|
| 760 |
0 |
|
|a Das pflanzenreich
|g IV.23 B
|
| 852 |
|
|
|a GR-PaULI
|b ΠΑΤΡΑ
|b ΒΚΠ
|b ΒΣ2
|k ΟΧΙΔ
|h R 581 E37
|m 044177
|p 025000057738
|t 1
|
| 942 |
|
|
|2 ddc
|c BKN
|
| 998 |
|
|
|c ΜΑΝΙΑΚΗ
|d 1999-06
|
| 999 |
|
|
|c 114954
|d 114954
|
| 952 |
|
|
|0 0
|1 0
|2 ddc
|4 0
|6 R_581_000000000000000_E37
|7 0
|9 186520
|a LISP
|b LISP
|c ALFd
|d 2016-04-24
|i 044177
|l 0
|o R 581 E37
|p 025000057738
|r 2016-04-24
|t 1
|w 2016-04-24
|y BKN
|z Σε απόσυρση
|